El clientelismo político : una revisión del concepto y sus usos /
Guardado en:
| Autor principal: | |
|---|---|
| Formato: | Texto |
| Lenguaje: | Spanish |
| Materias: | |
| Etiquetas: |
Agregar Etiqueta
Sin Etiquetas, Sea el primero en etiquetar este registro!
|
MARC
| LEADER | 00000 a a2200000 04500 | ||
|---|---|---|---|
| 001 | 48611 | ||
| 003 | cru CIDCACS/IIS | ||
| 005 | 20210616110915.0 | ||
| 008 | 210616b |||||||| |||| 00| 0 spa d | ||
| 040 | |c cru CIDCACS/IIS | ||
| 100 | 1 | |a Cerdas Albertazzi, José Manuel |9 6924 |e Autor | |
| 245 | 1 | 3 | |a El clientelismo político : |b una revisión del concepto y sus usos / |c José Manuel Cerdas Albertazzi |
| 300 | |a páginas 311-338 | ||
| 650 | 0 | |9 4500 |a CLIENTELISMO POLITICO | |
| 773 | 0 | |0 18765 |9 5758 |a Universidad de Costa Rica. |d San José, Costa Rica: Editorial Universidad de Costa Rica, 1974- |o 17406 |t Anuario de Estudios Centroamericanos / |x 03777316 | |
| 942 | |2 ddc |c PP | ||
| 999 | |c 43704 |d 43704 | ||
